Les films Disney/Pixar (années de sortie) - Statistiques

Statistiques générales
  • Ce quiz a été pris 436 fois
    226 depuis la dernière actualisation
  • Le résultat moyen est 74 sur 138
Statistiques - réponses
Date de sortie Disney/Pixar % Correct
1938 Blanche-Neige et les sept nains
94%
1950 Cendrillon
90%
2002 Cendrillon 2
90%
2007 Le sortilège de Cendrillon
90%
1995 Toy story
90%
2000 Toy story 2
90%
2010 Toy story 3
90%
2019 Toy story 4
90%
2006 Cars
87%
2011 Cars 2
87%
2017 Cars 3
87%
1991 La Belle et la Bête
84%
1997 La Belle et la Bête 2
84%
1998 Le monde magique de la Belle et la Bête
84%
2016 Vaiana
83%
2010 Raiponce
82%
1994 Le Roi lion
80%
1998 Le Roi lion 2
80%
2004 Le roi lion 3
80%
1989 La petite sirène
79%
1959 La belle au bois dormant
78%
2000 La petite sirène 2
78%
2013 La Reine des neiges
78%
2019 La Reine des neiges 2
78%
2008 Le secret de la petite sirène
78%
1955 La Belle et le Clochard
73%
2001 La Belle et le Clochard 2
73%
2015 Vice-versa
73%
2024 Vice-versa 2
73%
2009 La Princesse et la Grenouille
71%
1998 Mulan
71%
2004 Mulan 2
71%
2021 Encanto
70%
2003 Le monde de Nemo
68%
1995 Pocahontas
68%
1998 Pocahontas 2
68%
1961 Les 101 Dalmatiens
67%
2002 Les 101 Dalmatiens 2
67%
1947 Dumbo
66%
1970 Les Aristochats
66%
1946 Pinocchio
66%
1992 Aladdin
65%
1996 Aladdin et le Roi des voleurs
65%
1946 Fantasia
65%
1999 Fantasia 2000
65%
1994 Le retour de Jafar
65%
1953 Peter pan
65%
2002 Peter pan 2
65%
2012 Rebelle
65%
1947 Bambi
63%
2006 Bambi 2
63%
2017 Coco
63%
2016 Zootopie
63%
1967 Le livre de la jungle
62%
2021 Luca
62%
2009 Là-haut
61%
2003 Le livre de la jungle 2
61%
2007 Ratatouille
61%
2020 Soul
61%
1951 Alice au pays des merveilles
60%
2016 Le monde de Dory
59%
2012 Les mondes de Ralph
59%
2008 WALL-E
59%
2004 Les Indestructibles
57%
2018 Les Indestructibles 2
57%
1963 Merlin l'enchanteur
57%
2006 Leroy et Stitch
56%
1977 Les aventures de Bernard et Bianca
56%
2002 Lilo et Stitch
56%
2005 Lilo et Stitch 2
56%
2008 Volt, star malgré lui
56%
1990 Bernard et Bianca au pays des kangourous
55%
1997 Hercule
55%
2013 Monstres academy
55%
2002 Monstres & compagnie
55%
1973 Robin des bois
55%
1981 Rox et Rouky
54%
1999 Tarzan
52%
2005 Tarzan 2
52%
1996 Le Bossu de Notre-Dame
51%
2002 Le Bossu de Notre-Dame 2
51%
1977 Les aventures de Winnie l'ourson
50%
2006 Rox et Rouky 2
50%
2021 Raya et le dernier Dragon
48%
1997 Winnie l'ourson 2
48%
2005 Winnie l'ourson et l'Efélant
48%
2023 Wish
48%
2001 Atlantide
45%
2003 Frère des ours
45%
2006 Frère des ours 2
45%
2014 Les nouveaux Héros
45%
2022 Alerte rouge
44%
2023 Elémentaire
44%
2025 Elio
43%
2000 Kuzco
43%
2005 Kuzco 2
43%
1999 1001 Pattes
41%
2013 Planes
41%
2014 Planes 2
41%
2020 En avant
40%
2002 La Planète au trésor
40%
2022 Buzz l'éclair
39%
2018 Ralph 2.0
39%
1985 Taram et le chaudron magique
38%
1964 Mary Poppins
37%
2008 La fée Clochette
35%
2005 Chicken little
34%
2000 Dinosaure
34%
1986 Basil, détective privé
33%
1988 Oliver et compagnie
33%
2015 Le voyage d'arlo
32%
2014 Clochette et la créature légendaire
29%
2014 Clochette et la fée pirate
29%
2009 Clochette et la pierre de lune
29%
2012 Clochette et le secret des fées
29%
2010 Clochette et l'expédition féerique
29%
1948 Les trois caballeros
27%
2007 Bienvenue chez les Robinson
26%
1990 La bande à Picsou
24%
2004 La ferme se rebelle
24%
1995 Dingo et Max
23%
2000 Dingo et Max 2
23%
2022 Avalonia
22%
1977 Peter et Elliott le dragon
21%
1947 Coquin de printemps
20%
1949 La boîte à musique
20%
1949 Le crapaud et le maître d'école
20%
2003 Les aventures de Porcinet
18%
2000 Les aventures de Tigrou
18%
1951 Mélodie cocktail
18%
2004 Mickey, Donald, Dingo : les trois mousquetaires
18%
1946 Mélodie du sud
17%
1947 Saludos amigos
15%
2004 Les aventures de Petit Gourou
12%
1971 L'apprentie sorcière
11%
2006 The Wild
11%
2012 Frankenweenie
7%
1999 Doug, le film
5%
Aucun quiz correspondant
Distribution des résultats
% des personnes avec chaque résultat
Percentile par nombre de réponses
Votre historique - résultats
Vous n’avez pas pris ce quiz depuis la dernière actualisation